000
00265nam a2200109Ia 4500
008
231212s1980 xx 000 0 und d
041
_a
eng
082
_a
621.384131
100
_a
Savelyev I. V.
245
_a
Questions and Problems
260
_a
Mascow
_b
Mir Pub
_c
1980
999
_c
958460
_d
958460